<?xml version="1.0" encoding="UTF-8"?>
<record
    xmlns:xsi="http://www.w3.org/2001/XMLSchema-instance"
    xsi:schemaLocation="http://www.loc.gov/MARC21/slim http://www.loc.gov/standards/marcxml/schema/MARC21slim.xsd"
    xmlns="http://www.loc.gov/MARC21/slim">

  <leader>00594nam a22001811i 4500</leader>
  <controlfield tag="001">19374</controlfield>
  <datafield tag="090" ind1=" " ind2=" ">
    <subfield code="a">19374</subfield>
  </datafield>
  <datafield tag="100" ind1=" " ind2=" ">
    <subfield code="a">20170304u        u  u0frey50      ba</subfield>
  </datafield>
  <datafield tag="101" ind1="1" ind2=" ">
    <subfield code="a">por</subfield>
    <subfield code="c">por</subfield>
  </datafield>
  <datafield tag="200" ind1="1" ind2=" ">
    <subfield code="f">Tony Buzan</subfield>
    <subfield code="a">Um c&#xE9;rebro sempre jovem</subfield>
    <subfield code="e">plano de 7 semanas para refor&#xE7;ar a mem&#xF3;ria</subfield>
  </datafield>
  <datafield tag="215" ind1=" " ind2=" ">
    <subfield code="a">319, [1] p.</subfield>
    <subfield code="d">20 cm</subfield>
  </datafield>
  <datafield tag="300" ind1=" " ind2=" ">
    <subfield code="a">Publicado com a revista s&#xE1;bado</subfield>
  </datafield>
  <datafield tag="700" ind1=" " ind2="1">
    <subfield code="a">Buzan</subfield>
    <subfield code="b">Tony</subfield>
    <subfield code="4">070</subfield>
    <subfield code="f">1942</subfield>
  </datafield>
  <datafield tag="210" ind1=" " ind2=" ">
    <subfield code="c">Leya</subfield>
    <subfield code="a">Alfragide</subfield>
    <subfield code="d">2012</subfield>
  </datafield>
  <datafield tag="225" ind1="2" ind2=" ">
    <subfield code="a">Sa&#xFA;de &amp; bem estar</subfield>
    <subfield code="v">3</subfield>
  </datafield>
  <datafield tag="410" ind1=" " ind2="0">
    <subfield code="t">Sa&#xFA;de &amp; bem estar</subfield>
  </datafield>
  <datafield tag="996" ind1=" " ind2=" ">
    <subfield code="f">0026421</subfield>
    <subfield code="k">BUZ</subfield>
    <subfield code="m">00000000</subfield>
    <subfield code="n">00000000</subfield>
    <subfield code="a">BMVAAG</subfield>
    <subfield code="b">4</subfield>
    <subfield code="v">Aguiar</subfield>
    <subfield code="x">Medicina</subfield>
    <subfield code="y">29</subfield>
    <subfield code="e">Livro</subfield>
    <subfield code="1">0</subfield>
    <subfield code="3">1</subfield>
  </datafield>
  <datafield tag="990" ind1=" " ind2=" ">
    <subfield code="c">LIVROS</subfield>
  </datafield>
  <datafield tag="995" ind1=" " ind2=" ">
    <subfield code="0">0</subfield>
    <subfield code="1">0</subfield>
    <subfield code="9">26363</subfield>
    <subfield code="b">BMVA</subfield>
    <subfield code="d">BMVAAG</subfield>
    <subfield code="f">0024729</subfield>
    <subfield code="k">159.9 BUZ</subfield>
    <subfield code="o">0</subfield>
    <subfield code="r">LIVROS</subfield>
  </datafield>
</record>
